000
00300nam a2200121 a 4500
001
000026054
005
20200930024250.0
008
090928s1866 000 0 spa d
040
_a
DO-SdBNP
_b
spa
_c
BNPHU
245
0
_a
Recueil général des lois et actes.
260
_a
Paris,
_c
1866.
049
_a
BNPD
999
_c
25546
_d
25546